000 00637nam a2200229Ia 4500
003 OSt
005 20220928141724.0
006 a|||||r|||| 00| 0
007 ta
008 220927b |||||||| |||| 00| 0 eng d
024 _a17153
037 _cTextual
040 _aSDCL
_cSDCL
_beng
041 _2eng
_aeng
082 _aV1:51'N14, M8
100 _aEvans R J W Ed.
_9501830
245 0 _aComing of the first world war
260 _c1988
700 _a Von Strandmann Hartmut Pogge Ed.
_9501831
942 _hV1:51'N14, M8
_cTEXL
_2CC
999 _c819476
_d819476